000 01388nam a22003857a 4500
003 CHAP
005 20220329133813.0
008 971013s1967 r 00010 d
010 _a11141
011 _a12113
035 _a14219
040 _cCHAP
090 _aFolleto 10411
100 0 0 _aReyes Manzanares, David.
_996893
245 1 _aEfecto de la humedad del suelo y de la fertilización nitrogenada sobre el rendimiento y algunas características del algodonero en la Costa de Hermosillo
260 _aMéxico, D.F. :
_bINIA,
_c1967
300 _a48 p.
490 _aINIA. México. Folleto técnico
_v; 52
590 _aBATCH-UPD
_b10
_c20130110
_lUCH01
_h0133
590 _aBATCH-UPD
_b10
_c20130110
_lUCH01
_h1110
590 _aBATCH-UPD
_b10
_c20130409
_lUCH01
_h2129
590 _aBATCH-UPD
_b10
_c20130410
_lUCH01
_h0701
590 _aBATCH-UPD
_b10
_c20130914
_lUCH01
_h0105
590 _aCONVERSION
_b10
_c20130109
_lUCH01
_h1307
650 1 4 _aAlgodón
_xRendimiento.
_94053
650 1 4 _aAlgodon
_xSonora.
_94060
650 1 4 _aNitrógeno
_xEfecto en algodón.
_981407
700 0 _aOrtega Torres, Enrique.
_983889
710 0 _aINIA. México.
_958464
830 0 _aINIA. México. Folleto técnico
_v; 52
_958596
901 _aBK
942 _cFOLL
949 _aFolleto 10411
_bBC
_cFOLL
_d-149945
_eTS1
_i14219
_si
949 _aFolleto 10411
_bBC
_cFOLL
_d-149946
_eTS2
_fc.2
_i14219
_si
999 _c11141
_d11141